American urban history: an interpretive reader with commentaries

Kaydedildi:
Detaylı Bibliyografya
Yazar: Callow, Alexander B (Yazar)
Materyal Türü: Kitap
Dil:İngilizce
Baskı/Yayın Bilgisi: Nueva York Oxford Universuty Press 1982
Edisyon:3a. ed
Konular:
Etiketler: Etiketle
Etiket eklenmemiş, İlk siz ekleyin!

MARC

LEADER 00000nam a2200000 a 4500
001 UCI5507
003 CL-VaPUC
008 080328e19820000US |||||||||||||||||eng|d
020 |a 019502981X 
082 0 4 |a 307.76  |b CAL  |2 21 
100 0 |a Callow, Alexander B  |e author  |9 527930 
245 1 0 |a American urban history: an interpretive reader with commentaries 
250 |a 3a. ed 
942 |c BK 
945 |d 20080328 00:00:00  |a jtorresc 
260 |a Nueva York  |b Oxford Universuty Press  |c 1982 
650 0 |a Ciudades y pueblos  |9 265139 
650 7 |a DESARROLLO URBANO  |2 CL-VaPUC  |9 527931 
650 7 |a ESTRUCTURA SOCIAL  |2 CL-VaPUC  |9 527932 
650 0 |a Sistemas sociales  |9 308361 
650 0 |a Desarrollo cultural  |9 267526 
650 0 |a Procesos sociales  |9 337802 
583 |a last modification  |c 20080328 00:00:00  |k Rodrigo Vera 
999 |c 329245  |d 329243 
952 |0 0  |1 0  |4 0  |6 307_760000000000000_CAL_1982  |7 0  |8 A  |9 413616  |a BIBHIS  |b BIBHIS  |d 2019-11-22  |i 4416392  |o 307.76 CAL 1982  |p 4416392  |r 2025-01-20  |w 2019-11-22  |y BK  |k HIS